LEADER 01443nam0-2200349 --450 001 9910593297603321 005 20220930075155.0 010 $a9789881512574 100 $a20220930d2012----kmuy0itay5050 ba 101 0 $aeng 102 $aHK 105 $aa a 001yy 200 1 $aArchitecture with and without Le Corbusier$eJosé Oubrerie architecte$fedited by Luis Burriel Bielza and Oscar Riera Ojeda$gforeword by George Ranalli$gintroduction by Kenneth Frampton$gtexts by José Oubrerie, Paul Penney and Jeffrey Kipnis 210 $aHong Kong$cOscar Riera Ojeda Publishers Limited$aPhiladelphia [Pennsylvania]$cEditorial Offices/USA$d2012 215 $a347 p.$cill.$d24 cm 300 $aIn cofanetto 300 $aPubblicato in occasione della mostra tenuta al Bernard and Anne Spitzer School of Architecture City College di New York dal 16 febbraio al 14 maggio 2010 610 0 $aLe Corbusier 610 0 $aSaint-Pierre de Firminy-Vert (Chiesa)$aDisegni e progetti 610 0 $aAbitazioni$aKentucky$aLexington$aDisegni e progetti 702 1$aOubrerie,$bJosé 702 1$aPenney,$bPaul 702 1$aRiera Ojeda,$bOscar 702 1$aKipnis,$bJeffrey 702 1$aBurriel Bielza,$bLuis 801 0$aIT$bUNINA$gREICAT$2UNIMARC 901 $aBK 912 $a9910593297603321 952 $aMON B 1842$b765/2022$fFARBC 959 $aFARBC 996 $aArchitecture with and without Le Corbusier$92916567 997 $aUNINA LEADER 00861nam0 22002411i 450 001 UON00102964 005 20231205102601.905 100 $a20020107d1974 |0itac50 ba 101 $aeng 102 $aDE 105 $a|||| 1|||| 200 1 $aEarly South Italian Vase-Painting$fA.D. Trendall 210 $aMainz$cPhilipp von Zabern$d1974 215 $a1 v.$d23 cm 620 $aAT$dWien$3UONL003140 700 1$aTRENDALL$bArthur Dale$3UONV056511$0214760 712 $aZabern$3UONV245861$4650 801 $aIT$bSOL$c20240220$gRICA 899 $aSIBA - SISTEMA BIBLIOTECARIO DI ATENEO$2UONSI 912 $aUON00102964 950 $aSIBA - SISTEMA BIBLIOTECARIO DI ATENEO$dSI K 036 $eSI MC 205 7 996 $aEarly south Italian vase-painting$9282621 997 $aUNIOR